000 00711nam a2200217 a 4500
005 20230323063543.0
008 991125s1975 ag 000 0 spa u
035 _aUPN01000002784
049 _aCG
050 4 _aHM26
_bL6.28
100 1 _aLourau, René,
_d1933-2000
_929080
245 1 3 _aEl análisis institucional /
_cRené Lourau ; tr. Noemí Fiorito de Labrune.
260 _aBuenos aires :
_bAmorrortu,
_c1975.
300 _a297 p.
440 0 _aBiblioteca de sociología
590 _a(También localizas un ejemplar en el "Area de Reserva")
590 _aBibliografía Básica (BGTQ)
650 4 _aASOCIACIONES, INSTITUCIONES, ETC.
_98458
650 2 _aSociología
_xFilosofía
_98941
905 _aLibro
999 _c2784
_d2784